000 01310cam a2200217 4500500
005 20251228052231.0
041 _afre
042 _adc
100 1 0 _aBidart, Claire
_eauthor
245 0 0 _aLes âges de l'amitié
260 _c2010.
500 _a83
520 _aRésuméS’appuyant sur des entretiens semi-directifs auprès d’adultes et de jeunes (entre 18 et 23 ans), Claire Bidart analyse l’évolution des pratiques amicales avec l’avancée en âge, c’est-à-dire avec les étapes du cours de la vie et l’évolution des rôles qui leur sont liés. Elle montre comment les amis d’une même personne ne se ressemblent pas, n’ont pas été choisis comme amis de la même façon, et ne tiennent pas la même place, ni le même rôle auprès de celle-ci, ne serait-ce que parce qu’ils ont été rencontrés à des époques différentes. Parce que différent, chaque lien amical noué ouvre, pour l’individu, un morceau de société auquel il lui donne accès.
690 _aamitié
690 _acercle social
690 _acycle de vie
690 _arôle social
690 _asocialisation
786 0 _nTransversalités | 113 | 1 | 2010-03-01 | p. 65-81 | 1286-9449
856 4 1 _uhttps://shs.cairn.info/revue-transversalites-2010-1-page-65?lang=fr&redirect-ssocas=7080
999 _c1583124
_d1583124